000 01325nam a2200337 i 4500
001 196833
003 ES-MaACL
005 20250902010046.0
008 241229s2021 sp a | |||| 000 0 spa
015 _aMON21
017 _aM 21999-2021
_bOficina Depósito Legal Madrid
020 _a9788418415999
035 _a(SpMaBN)a6962215
040 _aSpMaBN
_bspa
_cSpMaBN
_erda
080 _a378.093.5(460)(091)
100 1 _aCastejón Martínez, Raquel
_9239410
_eaut
245 1 0 _aHistoria de ESIC :
_b(1965-2021) /
_cdocumentación y redacción de textos, Raquel Castejón Martínez
264 1 _aPozuelo de Alarcón (Madrid) :
_bESIC,
_c2021.
264 4 _c©2021
300 _a187 páginas :
_bilustraciones (blanco y negro y color) ;
_c24 cm
336 _aTexto
_aImagen fija
_2rdacontent
337 _asin mediación
_2rdamedia
338 _avolumen
_2rdacarrier
610 2 0 _aEscuela Superior de Gestión Comercial y Marketing-
_vHistoria
_9239411
655 7 _2tgfbne
_aLibros ilustrados
_9193653
852 _aES-MaACL
_cDEPOJ
_jN-10208
_xEncuadernación rústica con solapas
_9206335
_hDonación: Editorial
942 _cMONOGRAFIA
_n0
999 _c196833
_d196833